000 00339nam a2200133 i 4500
001 bg
100 1 _aNAILLANT, J. R.
245 0 _aProtection de la qualite des eaux, at maitrisc de la polution /
_cJ.R. Nailant.
260 _aParis,
_c1973.
040 _cBPK
041 _apol
942 _cKS
008 s pl f |000 0 pol
999 _c27303
_d27303
856 _uhttp://koha.tu.koszalin.pl/cgi-bin/koha/opac-detail.pl?biblionumber=27303
_yKatalog online BPK